The wage employment market for rural women in Bangladesh /
Saved in:
| Main Author: | |
|---|---|
| Corporate Author: | |
| Format: | Book |
| Language: | English |
| Published: |
Dhaka, Bangladesh :
Bangladesh Institute of Development Studies,
1986.
|
| Series: | Research monograph (Bangladesh Institute of Development Studies) ;
no. 6. |
| Subjects: | |
| Tags: |
Add Tag
No Tags, Be the first to tag this record!
|
| LEADER | 00951nam a2200277 a 4500 | ||
|---|---|---|---|
| 001 | 001022358-4 | ||
| 005 | 20020606090541.3 | ||
| 008 | 870102s1986 bg f00010 eng | ||
| 010 | |a 86903129 | ||
| 020 | |c Tk30.00 ($8.00 U.S.) | ||
| 035 | 0 | |a ocm16405225 | |
| 040 | |a DLC |c DLC |d HLS | ||
| 043 | |a a-bg--- | ||
| 050 | 0 | |a HD6061.2.B3 |b R34 1986 | |
| 082 | 0 | |a 331.4/295492 |2 19 | |
| 100 | 1 | |a Rahman, Rushidan Islam. | |
| 245 | 1 | 4 | |a The wage employment market for rural women in Bangladesh / |c Rushidan Islam Rahman. |
| 260 | 0 | |a Dhaka, Bangladesh : |b Bangladesh Institute of Development Studies, |c 1986. | |
| 300 | |a xi, 97 p. ; |c 23 cm. | ||
| 490 | 1 | |a Research monograph ; |v no. 6 | |
| 650 | 0 | |a Wages |x Women |z Bangladesh. | |
| 650 | 0 | |a Rural women |x Employment |z Bangladesh. | |
| 710 | 2 | |a Bangladesh Institute of Development Studies. | |
| 830 | 0 | |a Research monograph (Bangladesh Institute of Development Studies) ; |v no. 6. | |
| 988 | |a 20020608 | ||
| 906 | |0 DLC | ||


